| 000 | 00658nam a2200241Ia 4500 | ||
|---|---|---|---|
| 008 | 160819s9999 xx 000 0 und d | ||
| 020 | _a1-85626-547-1 | ||
| 050 | _aCUL TX 361 | ||
| 050 | _b.W55G54 2004 | ||
| 100 | _aGlenville, Marilyn. | ||
| 245 | _aHealthy eating for the menopause / | ||
| 245 | _cMarilyn Glenville, Lewis Esson. | ||
| 260 | _aLondon : | ||
| 260 | _bKyle Cathie Limited, | ||
| 260 | _c2004 | ||
| 300 | _a160 pages : | ||
| 300 | _bcolor illustrations ; | ||
| 300 | _c22 cm. | ||
| 500 | _aIncludes index. | ||
| 650 | _aReducing diets -- Recipes. | ||
| 650 | _aReducing diets. | ||
| 650 | _xMiddle-aged women -- Nutrition. | ||
| 999 |
_c300678 _d300678 |
||